000 00593nam a2200241Ia 4500
001 978
003 GE_BSU
008 181216s||||||||xx |||||||||||||| ||und||
020 _a5238000286
040 _cGE_BSU
080 _a339.(075.8)
100 _aЛомакин,В.К.
245 _aМировая экономика
245 _bУч-к для студ. вуза
260 _aМосква
260 _bфинансы
260 _c1998
300 _a727стр.
541 _h25л.
653 _aМировая экономика
653 _aЭкономика
942 _cBK
999 _c35136
_d35136